Η ορολογία της εποχής της λατινικής κατάκτησης του Ελλαδικού και Κυπριακού χώρου : πτυχιακή εργασία
Αποθηκεύτηκε σε:
| Κύριος συγγραφέας: | |
|---|---|
| Συγγραφή απο Οργανισμό/Αρχή: | |
| Άλλοι συγγραφείς: | , , |
| Μορφή: | Thesis Βιβλίο |
| Γλώσσα: | Greek |
| Δημοσίευση: |
Ρόδος :
Πανεπιστήμιο Αιγαίου, Τμήμα Μεσογειακών Σπουδών,
2005.
|
| Θέματα: | |
| Ετικέτες: |
Προσθήκη ετικέτας
Δεν υπάρχουν, Καταχωρήστε ετικέτα πρώτοι!
|
MARC
| LEADER | 00000cam a2200000 i 4500 | ||
|---|---|---|---|
| 001 | 1/75453 | ||
| 008 | 050415s2005 gre d | ||
| 035 | |l 10077708 | ||
| 040 | |a GR-MY-UA |b gre |e aacr | ||
| 041 | 0 | |a gre | |
| 082 | 7 | |a 938.3 |2 (21) | |
| 100 | 1 | |a Γρηγοριάδης, Χριστόφορος. | |
| 245 | 1 | 2 | |a Η ορολογία της εποχής της λατινικής κατάκτησης του Ελλαδικού και Κυπριακού χώρου : |b πτυχιακή εργασία / |c Χριστόφορος Γρηγοριάδης ; εισηγητής εργασίας: Αλέξιος Γ. Κ. Σαββίδης ; συνεισηγητές: Αλεξάνδρα Στεφανίδου, Σπυρίδων Συρόπουλος. |
| 260 | |a Ρόδος : |b Πανεπιστήμιο Αιγαίου, Τμήμα Μεσογειακών Σπουδών, |c 2005. | ||
| 300 | |a 77 σ. ; |c 30 εκ. | ||
| 502 | |a Πτυχιακή εργασία – Πανεπιστήμιο Αιγαίου, Ρόδος, 2005. | ||
| 504 | |a Περιέχει βιβλιογραφικές αναφορές. | ||
| 651 | 0 | |a Cyprus |x History |y Venetian rule, 1474-1570. | |
| 651 | 0 | |a Cyprus |x History |y Lusignan dynasty, 1192-1474 |x Congresses. | |
| 610 | 2 | 0 | |a University of the Aegean |x Dissertations. |
| 650 | 0 | 0 | |a Dissertations, Academic |z Greece. |
| 700 | 1 | |a Σαββίδης, Αλέξιος Γ. Κ., |d 1955- |4 ths | |
| 700 | 1 | |a Στεφανίδου, Αλεξάνδρα Στ. |4 ths | |
| 700 | 1 | |4 ths |a Συρόπουλος, Σπύρος Δ., |d 1970- | |
| 710 | 2 | |a Πανεπιστήμιο Αιγαίου. |b Σχολή Ανθρωπιστικών Σπουδών. |b Τμήμα Μεσογειακών Σπουδών. | |
| 852 | |a INST |b RHODES |c DIATR |e 20050415 |h 938.3 ΓΡΗ |p 005400023564 |q 005400023564 |t DIE |y 23 | ||
| 852 | |a INST |b RHODES |c DIATR |e 20050415 |h 938.3 ΓΡΗ |p 005400023565 |q 005400023565 |t DIE |y 23 | ||
| 901 | |a BIBL4-2004-3 | ||
| 909 | |a Ρ |b 110607 | ||
| 909 | |a Ρ |b 110608 | ||
| 924 | |a ΓΡΗΓΟΡΙΑΔΗΣ |b ΧΡΙΣΤΟΦΟΡΟΣ |y Ρόδος |z 2005-04 | ||
| 970 | |a ΚΟΖΑ |b ΜΑΡΙΑ |z 2005/04/15 | ||